Using OS/2 /

Bibliographic Details
Main Author: Jamsa, Kris, 1960-
Format: Book
Language:English
Published: Berkeley, CA : Osborne McGraw-Hill, 1988.
Subjects:

MARC

Tag First Indicator Second Indicator Subfields
LEADER 00000cam a2200000 a 4500
001 in00000026908
005 20151007054604.0
008 880216s1988 caua 00110 eng d
020 |a 0078813069 (pbk.) 
035 |a (OCoLC)17479165 
035 |9 AAB5617AM 
040 |a NDB  |c NDB  |d TXA  |d UtOrBLW 
049 |a TXAM  |c [A11497542] 
050 4 |a QA76.76.O63  |b J15 1988 
100 1 |a Jamsa, Kris,  |d 1960- 
245 1 0 |a Using OS/2 /  |c Kris Jamsa. 
264 1 |a Berkeley, CA :  |b Osborne McGraw-Hill,  |c 1988. 
300 |a xv, 758 pages :  |b illustrations ;  |c 24 cm. 
336 |a text  |b txt  |2 rdacontent 
337 |a unmediated  |b n  |2 rdamedia 
338 |a volume  |b nc  |2 rdacarrier 
500 |a Includes index. 
500 |a "By the author or the best-selling DOS: the complete reference" -- Cover. 
630 0 0 |a MS OS/2 (Computer file) 
650 0 |a Operating systems (Computers) 
740 0 |a Using operating system two. 
999 |a MARS 
999 f f |s b436e5f5-6f4a-346c-accc-5ff62b3aca54  |i 9f8ed90d-9dca-3498-819b-2531cc9f6712  |t 0 
952 f f |p ric  |a Texas A&M University  |b Rellis Campus  |c Joint Library Facility  |d Remote Storage  |t 0  |e QA76.76.O63 J15 1988  |h Library of Congress classification  |i unmediated -- volume  |m A14811497542 
998 f f |a QA76.76.O63 J15 1988  |t 0  |l Remote Storage